| 000 | 01320nam a22003737a 4500 | ||
|---|---|---|---|
| 003 | CHAP | ||
| 005 | 20220329141519.0 | ||
| 008 | 971013s1989 r 00010 d | ||
| 010 | _a69378 | ||
| 011 | _a70350 | ||
| 035 | _a79831 | ||
| 040 | _cCHAP | ||
| 090 | _aTesis | ||
| 100 | 0 | 0 |
_aMéndez Eguia Lis, Germán. _976494 |
| 245 | _aEstado mineral y reproducción estacional de vacas lecheras en Quintana Roo | ||
| 260 |
_aChapingo, Méx. : _bEl autor, _c1989 |
||
| 300 | _a102 h. | ||
| 502 | _aTesis (M.C.Esp. en Producción Animal) -- UACH. Departamento de Zootecnia | ||
| 590 |
_aALEPH _b10 _c20130110 _lUCH01 _h1407 |
||
| 590 |
_aBATCH-UPD _b10 _c20130110 _lUCH01 _h0710 |
||
| 590 |
_aBATCH-UPD _b10 _c20130410 _lUCH01 _h0356 |
||
| 590 |
_aBATCH-UPD _b10 _c20130914 _lUCH01 _h1517 |
||
| 590 |
_aCONVERSION _b10 _c20130109 _lUCH01 _h1338 |
||
| 650 | 1 | 4 |
_aAnimales _xElementos minerales. _95861 |
| 650 | 1 | 4 |
_aGanado lechero _xNutrición. _945281 |
| 650 | 1 | 4 |
_aGanado lechero _xReproducción. _945294 |
| 650 | 1 | 4 |
_aGanado lechero _zQuintana Roo. _945315 |
| 710 | 0 |
_aUACH. Departamento de Zootecnia. _9115904 |
|
| 901 | _aBK | ||
| 942 | _cFOLL | ||
| 949 |
_bBC _cTES _d-32721 _eTS1 _h22335 _i79831 _si |
||
| 949 |
_bBC _cTES _d-64242 _eTS2 _fc.3 _h27303 _i79831 _si |
||
| 949 |
_bBC _cTES _d33724000903555 _eTS2 _fc.2 _h22336 _i79831 _si |
||
| 999 |
_c69378 _d69378 |
||